000 00699nam a2200229Ia 4500
005 20260629163254.0
008 260629s9999||||xx |||||||||||||| ||und||
020 _a9780415682114
_qpbk
082 _a325.32
_bJAB
100 _aJabri, Vivienne
245 4 _aThe postcolonial subject : claiming politics/governing others in late modernity
260 _aLondon
_bRoutledge an imprint of Taylor and Francis Group
_c2013
300 _axii, 185p. ; 23cm.
653 _aGlobalization
653 _aInternational relations
653 _aPolitical culture
653 _aPostcolonialism
653 _aPostcolonialism
653 _aPower (Social sciences)
653 _aSubjectivity
942 _cBK
999 _c57310
_d57310